00291nam a2200121Ia 4500008004100000041000900041082001800050100001800068245002700086260004000113300000800153650000800161230718s9999 xx 000 0 und d aEng. a346.54bKHO-C aKhokhar anwar 0aCorporte Law Dicisions aPakistanbPakistan Law digistc2019 a626 aLaw